000 00485nam a2200157Ia 4500
008 151021s9999 xx 000 0 und d
020 _a23064110
050 _aQA 303 .B2827 1994
245 _a_Appllied calculus for business,economics,life sciences and social sciences(5th ed)
260 _aNew York Macmillan college 1994
300 _axix,a190p;ill
500 _aIncludes index.
500 _aIncludes index.
650 _a_calculus
980 _a^d20130507 04:00:21^oanne
999 _c13089
_d13089